| 000 | 01768nam a2200361 a 4500 | ||
|---|---|---|---|
| 001 | ebr10090518 | ||
| 003 | CaPaEBR | ||
| 006 | m u | ||
| 007 | cr cn||||||||| | ||
| 008 | 041202s2004 ne sb 101 0 eng d | ||
| 010 | _z 2004304610 | ||
| 020 | _z9004140735 (hd.bd.) | ||
| 040 |
_aCaPaEBR _cCaPaEBR |
||
| 035 | _a(OCoLC)232157184 | ||
| 050 | 1 | 4 |
_aHV6431 _b.A575 2004eb |
| 072 | 7 |
_aK _2lcco |
|
| 082 | 0 | 4 |
_a363.32 _222 |
| 245 | 0 | 0 |
_aAnti-terrorist measures and human rights _h[electronic resource] / _ceditors, Wolfgang Benedek, Alice Yotopoulos-Marangopoulos ; foreword, Walter Schwimmer. |
| 260 |
_aLeiden ; _aBoston : _bM. Nijhoff, _c2004. |
||
| 300 | _axiv, 391 p. | ||
| 500 | _aPapers from a symposium organized on the initiative of the Marangopoulos Foundation for Human Rights, by the European Training and Research Centre for Human Rights and Democracy and the Diplomatic Academy of Vienna held in Vienna on 30-31 October 2002. | ||
| 500 | _aAt head of title: Marangopoulos Foundation for Human Rights, European Training and Research Centre for Human Rights and Democracy. | ||
| 504 | _aIncludes bibliographical references and index. | ||
| 533 |
_aElectronic reproduction. _bPalo Alto, Calif. : _cebrary, _d2013. _nAvailable via World Wide Web. _nAccess may be limited to ebrary affiliated libraries. |
||
| 650 | 0 |
_aTerrorism _xPrevention _vCongresses. |
|
| 650 | 0 |
_aHuman rights _vCongresses. |
|
| 650 | 0 |
_aWar on Terrorism, 2001-2009 _vCongresses. |
|
| 655 | 7 |
_aElectronic books. _2local |
|
| 700 | 1 | _aYotopoulos-Marangopoulos, Alice. | |
| 700 | 1 | _aBenedek, Wolfgang. | |
| 710 | 2 | _aebrary, Inc. | |
| 856 | 4 | 0 |
_uhttp://site.ebrary.com/lib/rucke/Doc?id=10090518 _zAn electronic book accessible through the World Wide Web; click to view |
| 999 |
_c53000 _d53000 |
||